000 00401pab a2200157 454500
008 180718b2007 xxu||||| |||| 00| 0 eng d
100 _aHeptulla, Najma
245 _aRole and functions of the second chamber
260 _c2007
300 _ap.43-48.
362 _aJan-Jun
650 _aParliament
773 _aJournal of Constitutional and Parliamentary Studies
908 _aN
909 _a78930
999 _c78930
_d78930